Designers' Guide to EN 1997-1 Eurocode 7: Geotechnical Design General Rules / (Record no. 616581)

000 -LEADER
fixed length control field 00410nam a22001337a 4500
020 ## - INTERNATIONAL STANDARD BOOK NUMBER
Qualifying information HB.
040 ## - CATALOGING SOURCE
Transcribing agency FIZZA ISHAQ
082 ## - DEWEY DECIMAL CLASSIFICATION NUMBER
Classification number 624.15
Author Mark BAU
100 ## - MAIN ENTRY--PERSONAL NAME
Personal name Frank , Roger.
9 (RLIN) 133621
245 ## - TITLE STATEMENT
Title Designers' Guide to EN 1997-1 Eurocode 7: Geotechnical Design General Rules /
Statement of responsibility, etc. Roger Frank.
260 ## - PUBLICATION, DISTRIBUTION, ETC.
Place of publication, distribution, etc. London:
Name of publisher, distributor, etc. Thomas Telford Ltd,
Date of publication, distribution, etc. 2005.
300 ## - PHYSICAL DESCRIPTION
Extent 216 P.;
Dimensions 8.27 x 0.63 x 11.69 inches
942 ## - ADDED ENTRY ELEMENTS (KOHA)
Source of classification or shelving scheme
Koha item type Book
Holdings
Withdrawn status Lost status Source of classification or shelving scheme Damaged status Not for loan Permanent Location Current Location Date acquired Total Checkouts Full call number Barcode Date last seen Price effective from Koha item type
          NUST Baluchistan Campus (NBC) NUST Baluchistan Campus (NBC) 03/10/2026   624.15 FRA Q-2148 03/10/2026 03/10/2026 Book
© 2023 Central Library, National University of Sciences and Technology. All Rights Reserved.